Administración de costos: contabilidad y control

সংরক্ষণ করুন:
গ্রন্থ-পঞ্জীর বিবরন
প্রধান লেখক: Hansen, Don R (Author), Mowen, Maryanne M (Author)
বিন্যাস: গ্রন্থ
ভাষা:স্প্যানিশ
প্রকাশিত: Ciudad de México International Thomson 1996
বিষয়গুলি:
ট্যাগগুলো: ট্যাগ যুক্ত করুন
কোনো ট্যাগ নেই, প্রথমজন হিসাবে ট্যাগ করুন!

MARC

LEADER 00000nam a2200000 a 4500
001 UCQ6701
003 CL-VaPUC
005 20241002162944.0
008 981023e19960000MX |||||||||||||||||spa|d
999 |c 276640  |d 276638 
020 |a 9687529059 
040 |c Pontificia Universidad Católica de Valparaíso 
082 0 4 |a 657.42  |b HAN  |2 21 
100 |a Hansen, Don R  |e author  |9 537725 
245 1 0 |a Administración de costos: contabilidad y control 
260 |a Ciudad de México  |b International Thomson  |c 1996 
300 |a 502 p 
583 |a last modification  |c 20140528 12:09:12  |k Rodrigo Vera 
650 0 |a Contabilidad de costes  |9 891891 
650 0 |a Costes de producción  |9 891954  |x Planificación estratégica 
650 0 |a Control interno  |9 386025 
700 0 |a Mowen, Maryanne M  |e author  |9 420581 
942 |c BK  |2 ddc 
945 |d 19981023 00:00:00  |a aarredon 
952 |0 0  |1 0  |4 0  |6 657_420000000000000_HAN_1996  |7 0  |8 R  |9 313976  |a BIBENE  |b BIBENE  |d 2019-11-20  |i 3474240  |o 657.42 HAN 1996  |p 3474240  |r 2025-01-15  |w 2019-11-20  |y BK_R  |k ICO 
952 |0 0  |1 0  |4 0  |6 657_420000000000000_HAN_1996  |7 0  |8 R  |9 313977  |a BIBENE  |b BIBENE  |d 2019-11-20  |i 3481123  |o 657.42 HAN 1996  |p 3481123  |r 2025-01-15  |w 2019-11-20  |y BK_R  |k ICO 
952 |0 0  |1 0  |4 0  |6 657_420000000000000_HAN_1996  |7 0  |8 R  |9 313978  |a BIBENE  |b BIBENE  |d 2019-11-20  |i 349652K  |o 657.42 HAN 1996  |p 349652K  |r 2025-01-15  |w 2019-11-20  |y BK_R  |k ICO 
952 |0 0  |1 0  |4 0  |6 657_420000000000000_HAN_1996  |7 0  |8 R  |9 313979  |a BIBENE  |b BIBENE  |d 2019-11-20  |i 3614549  |l 1  |o 657.42 HAN 1996  |p 3614549  |r 2025-01-15  |s 2023-08-28  |w 2019-11-20  |y BK_R  |k ICO 
952 |0 0  |1 0  |4 0  |6 657_420000000000000_HAN_1996  |7 0  |8 R  |9 313980  |a BIBENE  |b BIBENE  |d 2019-11-20  |i 3614557  |o 657.42 HAN 1996  |p 3614557  |r 2025-01-15  |w 2019-11-20  |y BK_R  |k ICO 
952 |0 0  |1 0  |2 ddc  |4 0  |6 657_420000000000000_HAN_1996  |7 0  |8 A  |9 313981  |a BIBGIM  |b BIBGIM  |d 2019-11-20  |i 3539334  |o 657.42 HAN 1996  |p 3539334  |r 2025-01-15  |w 2019-11-20  |y BK  |k COM 
952 |0 0  |1 0  |2 ddc  |4 0  |6 657_420000000000000_HAN_1996  |7 0  |8 A  |9 313982  |a BIBGIM  |b BIBGIM  |d 2019-11-20  |i 3561321  |o 657.42 HAN 1996  |p 3561321  |r 2025-01-15  |w 2019-11-20  |y BK  |k COM 
952 |0 0  |1 0  |2 ddc  |4 0  |6 657_420000000000000_HAN_1996  |7 0  |8 A  |9 313983  |a BIBGIM  |b BIBGIM  |d 2019-11-20  |i 356133K  |o 657.42 HAN 1996  |p 356133K  |r 2025-01-15  |w 2019-11-20  |y BK  |k COM 
952 |0 0  |1 0  |2 ddc  |4 0  |6 657_420000000000000_HAN_1996  |7 0  |8 A  |9 313984  |a BIBGIM  |b BIBGIM  |d 2019-11-20  |i 3561348  |o 657.42 HAN 1996  |p 3561348  |r 2025-01-15  |w 2019-11-20  |y BK  |k COM 
952 |0 0  |1 0  |2 ddc  |4 0  |6 657_420000000000000_HAN_1996  |7 0  |8 A  |9 313985  |a BIBGIM  |b BIBGIM  |d 2019-11-20  |i 3671771  |o 657.42 HAN 1996  |p 3671771  |r 2025-01-15  |w 2019-11-20  |y BK  |k COM 
952 |0 0  |1 0  |2 ddc  |4 0  |6 657_420000000000000_HAN_1996  |7 0  |8 A  |9 313986  |a BIBGIM  |b BIBGIM  |d 2019-11-20  |i 367178K  |o 657.42 HAN 1996  |p 367178K  |r 2025-01-15  |w 2019-11-20  |y BK  |k COM 
952 |0 0  |1 0  |2 ddc  |4 0  |6 657_420000000000000_HAN_1996  |7 0  |8 A  |9 313987  |a BIBGIM  |b BIBGIM  |d 2019-11-20  |i 3671798  |o 657.42 HAN 1996  |p 3671798  |r 2025-01-15  |w 2019-11-20  |y BK  |k COM 
952 |0 0  |1 2  |2 ddc  |4 0  |6 657_420000000000000_HAN_1996  |7 0  |8 A  |9 313988  |a BIBGIM  |b BIBGIM  |d 2019-11-20  |i 3671801  |o 657.42 HAN 1996  |p 3671801  |r 2019-11-20  |w 2019-11-20  |y BK  |k COM 
952 |0 0  |1 0  |2 ddc  |4 0  |6 657_420000000000000_HAN_1996  |7 0  |8 A  |9 313989  |a BIBGIM  |b BIBGIM  |d 2019-11-20  |i 389987K  |o 657.42 HAN 1996  |p 389987K  |r 2025-01-15  |w 2019-11-20  |y BK  |k GIM 
952 |0 0  |1 0  |2 ddc  |4 0  |6 657_420000000000000_HAN_1996  |7 0  |8 A  |9 313990  |a BIBGIM  |b BIBGIM  |d 2019-11-20  |i 3966941  |o 657.42 HAN 1996  |p 3966941  |r 2025-01-15  |w 2019-11-20  |y BK  |k GIM 
952 |0 0  |1 0  |2 ddc  |4 0  |6 657_420000000000000_HAN_1996  |7 0  |8 A  |9 313991  |a BIBGIM  |b BIBGIM  |d 2019-11-20  |i 396695K  |o 657.42 HAN 1996  |p 396695K  |r 2025-01-15  |w 2019-11-20  |y BK  |k GIM 
952 |0 0  |1 0  |2 ddc  |4 0  |6 657_420000000000000_HAN_1996  |7 0  |8 A  |9 313992  |a BIBGIM  |b BIBGIM  |d 2019-11-20  |i 4012089  |o 657.42 HAN 1996  |p 4012089  |r 2025-01-15  |w 2019-11-20  |y BK  |k GIM 
952 |0 0  |1 0  |2 ddc  |4 0  |6 657_420000000000000_HAN_1996  |7 0  |8 A  |9 313993  |a BIBGIM  |b BIBGIM  |d 2019-11-20  |i 4012097  |o 657.42 HAN 1996  |p 4012097  |r 2025-01-15  |w 2019-11-20  |y BK  |k GIM 
952 |0 0  |1 0  |2 ddc  |4 0  |6 657_420000000000000_HAN_1996  |7 0  |8 A  |9 313994  |a BIBGIM  |b BIBGIM  |d 2019-11-20  |i 4012100  |o 657.42 HAN 1996  |p 4012100  |r 2025-01-15  |w 2019-11-20  |y BK  |k GIM